| Tag |
First Indicator |
Second Indicator |
Subfields |
| LEADER |
00000cas a2200000 a 4500 |
| 001 |
in00000057815 |
| 005 |
20151008050431.0 |
| 008 |
750901c19729999ne sn0p 0 a0eng d |
| 010 |
|
|
|a 72625813
|z sn 78004410
|
| 016 |
7 |
|
|a A58110000
|2 DNLM
|
| 022 |
|
|
|a 0044-8486
|
| 030 |
|
|
|a AQCLAL
|
| 032 |
|
|
|a 009702
|b USPS
|
| 035 |
|
|
|a (OCoLC)ocm01586829
|
| 035 |
|
|
|a (OCoLC)01586829
|
| 035 |
|
|
|9 AAG1036AM
|
| 040 |
|
|
|a MUL
|c MUL
|d OCL
|d COO
|d NSD
|d YUS
|d IUL
|d DLC
|d SER
|d AIP
|d NST
|d AIP
|d AGL
|d DLC
|d UDI
|d NST
|d OCL
|d WAU
|d NSD
|d DLC
|d CUS
|d AGL
|d OCL
|d UtOrBLW
|
| 042 |
|
|
|a lc
|a nsdp
|
| 049 |
|
|
|a TXAM
|
| 050 |
0 |
0 |
|a SH1
|b .A626
|
| 070 |
0 |
|
|a SH1
|b .A6
|
| 082 |
0 |
|
|a 630/.9162
|
| 130 |
0 |
|
|a Aquaculture (Amsterdam, Netherlands)
|
| 210 |
0 |
|
|a Aquaculture
|
| 222 |
|
0 |
|a Aquaculture
|
| 245 |
1 |
0 |
|a Aquaculture.
|
| 264 |
|
1 |
|a Amsterdam :
|b Elsevier Pub. Co.,
|c [1972-]
|
| 264 |
|
4 |
|c ©1972-
|
| 300 |
|
|
|a volumes :
|b illustrations ;
|c 24 cm.
|
| 310 |
|
|
|a Semimonthly (except in May, Aug., Oct., Nov. and Dec. when its published monthly)
|
| 321 |
|
|
|a Quarterly
|b 1972-
|
| 336 |
|
|
|a text
|b txt
|2 rdacontent
|
| 337 |
|
|
|a unmediated
|b n
|2 rdamedia
|
| 338 |
|
|
|a volume
|b nc
|2 rdacarrier
|
| 362 |
0 |
|
|a Vol. 1, no. 1 (May 1972)-
|
| 500 |
|
|
|a "An international journal devoted to research on the exploration and improvement of all aquatic food resources, both floristic and faunistic, from freshwater, brackish and marine environment, related directly or indirectly to human consumption."
|
| 520 |
|
|
|a "An international journal devoted to research on the exploration and improvement of all aquatic food resources, both floristic and faunistic, from freshwater, brackish and marine environment, related directly or indirectly to human consumption."
|
| 510 |
2 |
|
|a Electronics and communications abstracts journal (Riverdale)
|x 0361-3313
|
| 510 |
2 |
|
|a ISMEC bulletin
|x 0306-0039
|
| 510 |
2 |
|
|a Pollution abstracts with indexes
|x 0032-3624
|
| 510 |
2 |
|
|a Safety science abstracts journal
|x 0160-1342
|
| 510 |
2 |
|
|a Life sciences collection
|
| 510 |
2 |
|
|a Canadian Environment
|
| 510 |
2 |
|
|a Selected water resources abstracts
|x 0037-136X
|
| 510 |
2 |
|
|a Excerpta medica
|
| 510 |
2 |
|
|a Energy information abstracts
|x 0147-6521
|
| 510 |
2 |
|
|a Environment abstracts
|x 0093-3287
|
| 510 |
2 |
|
|a Biological abstracts
|x 0006-3169
|
| 510 |
2 |
|
|a Chemical abstracts
|x 0009-2258
|
| 510 |
0 |
|
|a Bibliography of agriculture
|x 0006-1530
|
| 510 |
2 |
|
|a Energy research abstracts
|b June 1977-
|x 0160-3604
|
| 530 |
|
|
|a Available also by subscription via the World Wide Web.
|
| 580 |
|
|
|a Absorbed: Annual review of fish diseases in 1999.
|
| 650 |
|
0 |
|a Aquaculture
|v Periodicals.
|
| 780 |
1 |
5 |
|t Annual review of fish diseases
|x 0959-8030
|w (OCoLC)23862489
|
| 850 |
|
|
|a ArU
|a CU-I
|a CaNSHT
|a CaSRU
|a DLC
|a DNAL
|a FU
|a GAT
|a ICRL
|a LNT
|a MiDW
|a MsU
|a NjR
|a OU
|a OrU
|a OrU-S
|a ViBlbV
|a WaU
|a WyU
|
| 936 |
|
|
|a Vol. 182, no. 1-2 (Feb. 2000) LIC
|
| 948 |
|
|
|a MFHD URL added
|b h
|c 2002/7/16
|d c
|e bsurratt
|f 4:23:42 pm
|
| 994 |
|
|
|a E0
|b TXA
|
| 999 |
|
|
|a MARS
|
| 999 |
f |
f |
|s f77f166f-a018-308a-a4c3-5076b47e783a
|i d9bd0aa0-4123-3c05-afb3-fb4db8547756
|t 0
|
| 952 |
f |
f |
|p ric
|a Texas A&M University
|b Rellis Campus
|c Joint Library Facility
|d Remote Storage
|t 0
|e SH1 .A626
|h Library of Congress classification
|i unmediated -- volume
|k v.190
|l 2000
|m A14826811646
|
| 952 |
f |
f |
|p ric
|a Texas A&M University
|b Rellis Campus
|c Joint Library Facility
|d Remote Storage
|t 0
|e SH1 .A626
|h Library of Congress classification
|i unmediated -- volume
|k v.111
|l 1993
|m A14818396179
|
| 952 |
f |
f |
|p ric
|a Texas A&M University
|b Rellis Campus
|c Joint Library Facility
|d Remote Storage
|t 0
|e SH1 .A626
|h Library of Congress classification
|i unmediated -- volume
|k v.135
|l 1995:Oct.
|m A14819756550
|
| 952 |
f |
f |
|p ric
|a Texas A&M University
|b Rellis Campus
|c Joint Library Facility
|d Remote Storage
|t 0
|e SH1 .A626
|h Library of Congress classification
|i unmediated -- volume
|k v.129
|l 1995:Jan.
|m A14819396978
|
| 952 |
f |
f |
|p ric
|a Texas A&M University
|b Rellis Campus
|c Joint Library Facility
|d Remote Storage
|t 0
|e SH1 .A626
|h Library of Congress classification
|i unmediated -- volume
|k v.62
|l 1987
|m A14827258003
|
| 952 |
f |
f |
|p ric
|a Texas A&M University
|b Rellis Campus
|c Joint Library Facility
|d Remote Storage
|t 0
|e SH1 .A626
|h Library of Congress classification
|i unmediated -- volume
|k v.100
|l 1992
|m A14815692063
|
| 952 |
f |
f |
|p ric
|a Texas A&M University
|b Rellis Campus
|c Joint Library Facility
|d Remote Storage
|t 0
|e SH1 .A626
|h Library of Congress classification
|i unmediated -- volume
|k v.179
|l 1999
|m A14826391654
|
| 952 |
f |
f |
|p ric
|a Texas A&M University
|b Rellis Campus
|c Joint Library Facility
|d Remote Storage
|t 0
|e SH1 .A626
|h Library of Congress classification
|i unmediated -- volume
|k v.167
|l 1998
|m A14823753904
|
| 952 |
f |
f |
|p ric
|a Texas A&M University
|b Rellis Campus
|c Joint Library Facility
|d Remote Storage
|t 0
|e SH1 .A626
|h Library of Congress classification
|i unmediated -- volume
|k v.10
|l 1977
|m A14813914605
|
| 952 |
f |
f |
|p ric
|a Texas A&M University
|b Rellis Campus
|c Joint Library Facility
|d Remote Storage
|t 0
|e SH1 .A626
|h Library of Congress classification
|i unmediated -- volume
|k v.107
|l 1992
|m A14816995391
|
| 952 |
f |
f |
|p ric
|a Texas A&M University
|b Rellis Campus
|c Joint Library Facility
|d Remote Storage
|t 0
|e SH1 .A626
|h Library of Congress classification
|i unmediated -- volume
|k v.180
|l 1999
|m A14826391696
|
| 952 |
f |
f |
|p ric
|a Texas A&M University
|b Rellis Campus
|c Joint Library Facility
|d Remote Storage
|t 0
|e SH1 .A626
|h Library of Congress classification
|i unmediated -- volume
|k v.77
|l 1989
|m A14811930875
|
| 952 |
f |
f |
|p ric
|a Texas A&M University
|b Rellis Campus
|c Joint Library Facility
|d Remote Storage
|t 0
|e SH1 .A626
|h Library of Congress classification
|i unmediated -- volume
|k v.102
|l 1992
|m A14816068372
|
| 952 |
f |
f |
|p ric
|a Texas A&M University
|b Rellis Campus
|c Joint Library Facility
|d Remote Storage
|t 0
|e SH1 .A626
|h Library of Congress classification
|i unmediated -- volume
|k v.203
|l 2001/2002
|m A14828577735
|
| 952 |
f |
f |
|p ric
|a Texas A&M University
|b Rellis Campus
|c Joint Library Facility
|d Remote Storage
|t 0
|e SH1 .A626
|h Library of Congress classification
|i unmediated -- volume
|k v.94 -v.95
|l 1991-1991
|m A14815088303
|
| 952 |
f |
f |
|p ric
|a Texas A&M University
|b Rellis Campus
|c Joint Library Facility
|d Remote Storage
|t 0
|e SH1 .A626
|h Library of Congress classification
|i unmediated -- volume
|k v.5
|l 1975
|m A14837717130
|
| 952 |
f |
f |
|p ric
|a Texas A&M University
|b Rellis Campus
|c Joint Library Facility
|d Remote Storage
|t 0
|e SH1 .A626
|h Library of Congress classification
|i unmediated -- volume
|k v.17
|l 1979
|m A14813845660
|
| 952 |
f |
f |
|p ric
|a Texas A&M University
|b Rellis Campus
|c Joint Library Facility
|d Remote Storage
|t 0
|e SH1 .A626
|h Library of Congress classification
|i unmediated -- volume
|k v.30 -v.31
|l 1983-1983
|m A14811209999
|
| 952 |
f |
f |
|p ric
|a Texas A&M University
|b Rellis Campus
|c Joint Library Facility
|d Remote Storage
|t 0
|e SH1 .A626
|h Library of Congress classification
|i unmediated -- volume
|k v.6
|l 1975
|m A14837717148
|
| 952 |
f |
f |
|p ric
|a Texas A&M University
|b Rellis Campus
|c Joint Library Facility
|d Remote Storage
|t 0
|e SH1 .A626
|h Library of Congress classification
|i unmediated -- volume
|k v.101
|l 1992
|m A14815692110
|
| 952 |
f |
f |
|p ric
|a Texas A&M University
|b Rellis Campus
|c Joint Library Facility
|d Remote Storage
|t 0
|e SH1 .A626
|h Library of Congress classification
|i unmediated -- volume
|k v.201
|l 2001
|m A14828577816
|
| 952 |
f |
f |
|p ric
|a Texas A&M University
|b Rellis Campus
|c Joint Library Facility
|d Remote Storage
|t 0
|e SH1 .A626
|h Library of Congress classification
|i unmediated -- volume
|k v.198
|l 2001
|m A14827917704
|
| 952 |
f |
f |
|p ric
|a Texas A&M University
|b Rellis Campus
|c Joint Library Facility
|d Remote Storage
|t 0
|e SH1 .A626
|h Library of Congress classification
|i unmediated -- volume
|k v.145
|l 1996:Oct.15
|m A14820731301
|
| 952 |
f |
f |
|p ric
|a Texas A&M University
|b Rellis Campus
|c Joint Library Facility
|d Remote Storage
|t 0
|e SH1 .A626
|h Library of Congress classification
|i unmediated -- volume
|k v.72 -v.73
|l 1988-1988
|m A14811719384
|
| 952 |
f |
f |
|p ric
|a Texas A&M University
|b Rellis Campus
|c Joint Library Facility
|d Remote Storage
|t 0
|e SH1 .A626
|h Library of Congress classification
|i unmediated -- volume
|k v.13
|l 1978
|m A14813038572
|
| 952 |
f |
f |
|p ric
|a Texas A&M University
|b Rellis Campus
|c Joint Library Facility
|d Remote Storage
|t 0
|e SH1 .A626
|h Library of Congress classification
|i unmediated -- volume
|k v.112
|l 1993
|m A14817907684
|
| 952 |
f |
f |
|p ric
|a Texas A&M University
|b Rellis Campus
|c Joint Library Facility
|d Remote Storage
|t 0
|e SH1 .A626
|h Library of Congress classification
|i unmediated -- volume
|k v.4
|l 1974
|m A14812158450
|
| 952 |
f |
f |
|p ric
|a Texas A&M University
|b Rellis Campus
|c Joint Library Facility
|d Remote Storage
|t 0
|e SH1 .A626
|h Library of Congress classification
|i unmediated -- volume
|k v.216
|l 2003
|m A14830189823
|
| 952 |
f |
f |
|p ric
|a Texas A&M University
|b Rellis Campus
|c Joint Library Facility
|d Remote Storage
|t 0
|e SH1 .A626
|h Library of Congress classification
|i unmediated -- volume
|k v.174
|l 1999
|m A14824014701
|
| 952 |
f |
f |
|p ric
|a Texas A&M University
|b Rellis Campus
|c Joint Library Facility
|d Remote Storage
|t 0
|e SH1 .A626
|h Library of Congress classification
|i unmediated -- volume
|k v.14
|l 1978
|m A14813858817
|
| 952 |
f |
f |
|p ric
|a Texas A&M University
|b Rellis Campus
|c Joint Library Facility
|d Remote Storage
|t 0
|e SH1 .A626
|h Library of Congress classification
|i unmediated -- volume
|k v.168
|l 1998:Oct.1
|m A14823754007
|
| 952 |
f |
f |
|p ric
|a Texas A&M University
|b Rellis Campus
|c Joint Library Facility
|d Remote Storage
|t 0
|e SH1 .A626
|h Library of Congress classification
|i unmediated -- volume
|k v.138
|l 1995
|m A14819756453
|
| 952 |
f |
f |
|p ric
|a Texas A&M University
|b Rellis Campus
|c Joint Library Facility
|d Remote Storage
|t 0
|e SH1 .A626
|h Library of Congress classification
|i unmediated -- volume
|k v.214
|l 2002
|m A14830189742
|
| 952 |
f |
f |
|p ric
|a Texas A&M University
|b Rellis Campus
|c Joint Library Facility
|d Remote Storage
|t 0
|e SH1 .A626
|h Library of Congress classification
|i unmediated -- volume
|k v.113
|l 1993
|m A14817907448
|
| 952 |
f |
f |
|p ric
|a Texas A&M University
|b Rellis Campus
|c Joint Library Facility
|d Remote Storage
|t 0
|e SH1 .A626
|h Library of Congress classification
|i unmediated -- volume
|k v.161
|l 1998
|m A14822517737
|
| 952 |
f |
f |
|p ric
|a Texas A&M University
|b Rellis Campus
|c Joint Library Facility
|d Remote Storage
|t 0
|e SH1 .A626
|h Library of Congress classification
|i unmediated -- volume
|k v.66 -v.67
|l 1987-1987
|m A14811728650
|
| 952 |
f |
f |
|p ric
|a Texas A&M University
|b Rellis Campus
|c Joint Library Facility
|d Remote Storage
|t 0
|e SH1 .A626
|h Library of Congress classification
|i unmediated -- volume
|k v.193
|l 2001
|m A14827917843
|
| 952 |
f |
f |
|p ric
|a Texas A&M University
|b Rellis Campus
|c Joint Library Facility
|d Remote Storage
|t 0
|e SH1 .A626
|h Library of Congress classification
|i unmediated -- volume
|k v.117
|l 1993
|m A14817907838
|
| 952 |
f |
f |
|p ric
|a Texas A&M University
|b Rellis Campus
|c Joint Library Facility
|d Remote Storage
|t 0
|e SH1 .A626
|h Library of Congress classification
|i unmediated -- volume
|k v.20
|l 1980
|m A14818548271
|
| 952 |
f |
f |
|p ric
|a Texas A&M University
|b Rellis Campus
|c Joint Library Facility
|d Remote Storage
|t 0
|e SH1 .A626
|h Library of Congress classification
|i unmediated -- volume
|k v.170
|l 1999
|m A14824014751
|
| 952 |
f |
f |
|p ric
|a Texas A&M University
|b Rellis Campus
|c Joint Library Facility
|d Remote Storage
|t 0
|e SH1 .A626
|h Library of Congress classification
|i unmediated -- volume
|k v.146
|l 1996
|m A14820731351
|
| 952 |
f |
f |
|p ric
|a Texas A&M University
|b Rellis Campus
|c Joint Library Facility
|d Remote Storage
|t 0
|e SH1 .A626
|h Library of Congress classification
|i unmediated -- volume
|k v.137
|l 1995
|m A14819756403
|
| 952 |
f |
f |
|p ric
|a Texas A&M University
|b Rellis Campus
|c Joint Library Facility
|d Remote Storage
|t 0
|e SH1 .A626
|h Library of Congress classification
|i unmediated -- volume
|k v.121
|l 1994
|m A14817907642
|
| 952 |
f |
f |
|p ric
|a Texas A&M University
|b Rellis Campus
|c Joint Library Facility
|d Remote Storage
|t 0
|e SH1 .A626
|h Library of Congress classification
|i unmediated -- volume
|k v.114
|l 1993
|m A14817907498
|
| 952 |
f |
f |
|p ric
|a Texas A&M University
|b Rellis Campus
|c Joint Library Facility
|d Remote Storage
|t 0
|e SH1 .A626
|h Library of Congress classification
|i unmediated -- volume
|k v.133
|l 1995
|m A14819489991
|
| 952 |
f |
f |
|p ric
|a Texas A&M University
|b Rellis Campus
|c Joint Library Facility
|d Remote Storage
|t 0
|e SH1 .A626
|h Library of Congress classification
|i unmediated -- volume
|k v.8
|l 1976
|m A14816210319
|
| 952 |
f |
f |
|p ric
|a Texas A&M University
|b Rellis Campus
|c Joint Library Facility
|d Remote Storage
|t 0
|e SH1 .A626
|h Library of Congress classification
|i unmediated -- volume
|k v.210
|l 2002
|m A14830190214
|
| 952 |
f |
f |
|p ric
|a Texas A&M University
|b Rellis Campus
|c Joint Library Facility
|d Remote Storage
|t 0
|e SH1 .A626
|h Library of Congress classification
|i unmediated -- volume
|k v.178
|l 1999
|m A14826391612
|
| 952 |
f |
f |
|p ric
|a Texas A&M University
|b Rellis Campus
|c Joint Library Facility
|d Remote Storage
|t 0
|e SH1 .A626
|h Library of Congress classification
|i unmediated -- volume
|k v.32 -v.33
|l 1983-1983
|m A14812187124
|
| 952 |
f |
f |
|p ric
|a Texas A&M University
|b Rellis Campus
|c Joint Library Facility
|d Remote Storage
|t 0
|e SH1 .A626
|h Library of Congress classification
|i unmediated -- volume
|k v.128
|l 1994
|m A14819396928
|
| 952 |
f |
f |
|p ric
|a Texas A&M University
|b Rellis Campus
|c Joint Library Facility
|d Remote Storage
|t 0
|e SH1 .A626
|h Library of Congress classification
|i unmediated -- volume
|k v.7
|l 1976
|m A14813869290
|
| 952 |
f |
f |
|p ric
|a Texas A&M University
|b Rellis Campus
|c Joint Library Facility
|d Remote Storage
|t 0
|e SH1 .A626
|h Library of Congress classification
|i unmediated -- volume
|k v.56 -v.57
|l 1986-1986
|m A14811828353
|
| 952 |
f |
f |
|p ric
|a Texas A&M University
|b Rellis Campus
|c Joint Library Facility
|d Remote Storage
|t 0
|e SH1 .A626
|h Library of Congress classification
|i unmediated -- volume
|k v.148
|l 1996/1997
|m A14821229292
|
| 952 |
f |
f |
|p ric
|a Texas A&M University
|b Rellis Campus
|c Joint Library Facility
|d Remote Storage
|t 0
|e SH1 .A626
|h Library of Congress classification
|i unmediated -- volume
|k v.175
|l 1999
|m A14826391492
|
| 952 |
f |
f |
|p ric
|a Texas A&M University
|b Rellis Campus
|c Joint Library Facility
|d Remote Storage
|t 0
|e SH1 .A626
|h Library of Congress classification
|i unmediated -- volume
|k v.2
|l 1973
|m A14819846787
|
| 952 |
f |
f |
|p ric
|a Texas A&M University
|b Rellis Campus
|c Joint Library Facility
|d Remote Storage
|t 0
|e SH1 .A626
|h Library of Congress classification
|i unmediated -- volume
|k v.166
|l 1998
|m A14823754057
|
| 952 |
f |
f |
|p ric
|a Texas A&M University
|b Rellis Campus
|c Joint Library Facility
|d Remote Storage
|t 0
|e SH1 .A626
|h Library of Congress classification
|i unmediated -- volume
|k v.178
|l 1999
|m A14826391531
|
| 952 |
f |
f |
|p ric
|a Texas A&M University
|b Rellis Campus
|c Joint Library Facility
|d Remote Storage
|t 0
|e SH1 .A626
|h Library of Congress classification
|i unmediated -- volume
|k v.157
|l 1997
|m A14822517533
|
| 952 |
f |
f |
|p ric
|a Texas A&M University
|b Rellis Campus
|c Joint Library Facility
|d Remote Storage
|t 0
|e SH1 .A626
|h Library of Congress classification
|i unmediated -- volume
|k v.54 -v.55
|l 1986-1986
|m A14813847905
|
| 952 |
f |
f |
|p ric
|a Texas A&M University
|b Rellis Campus
|c Joint Library Facility
|d Remote Storage
|t 0
|e SH1 .A626
|h Library of Congress classification
|i unmediated -- volume
|k v.184
|l 2000
|m A14826391858
|
| 952 |
f |
f |
|p ric
|a Texas A&M University
|b Rellis Campus
|c Joint Library Facility
|d Remote Storage
|t 0
|e SH1 .A626
|h Library of Congress classification
|i unmediated -- volume
|k v.196
|l 2001
|m A14827917940
|
| 952 |
f |
f |
|p ric
|a Texas A&M University
|b Rellis Campus
|c Joint Library Facility
|d Remote Storage
|t 0
|e SH1 .A626
|h Library of Congress classification
|i unmediated -- volume
|k v.16
|l 1979
|m A14816210589
|
| 952 |
f |
f |
|p ric
|a Texas A&M University
|b Rellis Campus
|c Joint Library Facility
|d Remote Storage
|t 0
|e SH1 .A626
|h Library of Congress classification
|i unmediated -- volume
|k v.124
|l 1994
|m A14819300993
|
| 952 |
f |
f |
|p ric
|a Texas A&M University
|b Rellis Campus
|c Joint Library Facility
|d Remote Storage
|t 0
|e SH1 .A626
|h Library of Congress classification
|i unmediated -- volume
|k v.132
|l 1995
|m A14819396130
|
| 952 |
f |
f |
|p ric
|a Texas A&M University
|b Rellis Campus
|c Joint Library Facility
|d Remote Storage
|t 0
|e SH1 .A626
|h Library of Congress classification
|i unmediated -- volume
|k v.98 -v.99
|l 1991-1991
|m A14815696083
|
| 952 |
f |
f |
|p ric
|a Texas A&M University
|b Rellis Campus
|c Joint Library Facility
|d Remote Storage
|t 0
|e SH1 .A626
|h Library of Congress classification
|i unmediated -- volume
|k v.116
|l 1993
|m A14817907781
|
| 952 |
f |
f |
|p ric
|a Texas A&M University
|b Rellis Campus
|c Joint Library Facility
|d Remote Storage
|t 0
|e SH1 .A626
|h Library of Congress classification
|i unmediated -- volume
|k v.131
|l 1995
|m A14819397071
|
| 952 |
f |
f |
|p ric
|a Texas A&M University
|b Rellis Campus
|c Joint Library Facility
|d Remote Storage
|t 0
|e SH1 .A626
|h Library of Congress classification
|i unmediated -- volume
|k v.207
|l 2002
|m A14830190094
|
| 952 |
f |
f |
|p ric
|a Texas A&M University
|b Rellis Campus
|c Joint Library Facility
|d Remote Storage
|t 0
|e SH1 .A626
|h Library of Congress classification
|i unmediated -- volume
|k V.127
|l 1994
|m A14819303802
|
| 952 |
f |
f |
|p ric
|a Texas A&M University
|b Rellis Campus
|c Joint Library Facility
|d Remote Storage
|t 0
|e SH1 .A626
|h Library of Congress classification
|i unmediated -- volume
|k v.162
|l 1998
|m A14822517787
|
| 952 |
f |
f |
|p ric
|a Texas A&M University
|b Rellis Campus
|c Joint Library Facility
|d Remote Storage
|t 0
|e SH1 .A626
|h Library of Congress classification
|i unmediated -- volume
|k v.28 -v.29
|l 1982-1982
|m A14812187027
|
| 952 |
f |
f |
|p ric
|a Texas A&M University
|b Rellis Campus
|c Joint Library Facility
|d Remote Storage
|t 0
|e SH1 .A626
|h Library of Congress classification
|i unmediated -- volume
|k v.118
|l 1993
|m A14817907731
|
| 952 |
f |
f |
|p ric
|a Texas A&M University
|b Rellis Campus
|c Joint Library Facility
|d Remote Storage
|t 0
|e SH1 .A626
|h Library of Congress classification
|i unmediated -- volume
|k v.70 -v.71
|l 1988-1988
|m A14811629165
|
| 952 |
f |
f |
|p ric
|a Texas A&M University
|b Rellis Campus
|c Joint Library Facility
|d Remote Storage
|t 0
|e SH1 .A626
|h Library of Congress classification
|i unmediated -- volume
|k v.197
|l 2001
|m A14827917827
|
| 952 |
f |
f |
|p ric
|a Texas A&M University
|b Rellis Campus
|c Joint Library Facility
|d Remote Storage
|t 0
|e SH1 .A626
|h Library of Congress classification
|i unmediated -- volume
|k v.169
|l 1998
|m A14824014769
|
| 952 |
f |
f |
|p ric
|a Texas A&M University
|b Rellis Campus
|c Joint Library Facility
|d Remote Storage
|t 0
|e SH1 .A626
|h Library of Congress classification
|i unmediated -- volume
|k v.52 -v.53
|l 1986-1986
|m A14812151238
|
| 952 |
f |
f |
|p ric
|a Texas A&M University
|b Rellis Campus
|c Joint Library Facility
|d Remote Storage
|t 0
|e SH1 .A626
|h Library of Congress classification
|i unmediated -- volume
|k v.171
|l 1999
|m A14824014735
|
| 952 |
f |
f |
|p ric
|a Texas A&M University
|b Rellis Campus
|c Joint Library Facility
|d Remote Storage
|t 0
|e SH1 .A626
|h Library of Congress classification
|i unmediated -- volume
|k v.115
|l 1993
|m A14817907545
|
| 952 |
f |
f |
|p ric
|a Texas A&M University
|b Rellis Campus
|c Joint Library Facility
|d Remote Storage
|t 0
|e SH1 .A626
|h Library of Congress classification
|i unmediated -- volume
|k v.195
|l 2001
|m A14827917746
|
| 952 |
f |
f |
|p ric
|a Texas A&M University
|b Rellis Campus
|c Joint Library Facility
|d Remote Storage
|t 0
|e SH1 .A626
|h Library of Congress classification
|i unmediated -- volume
|k v.183
|l 2000
|m A14826391816
|
| 952 |
f |
f |
|p ric
|a Texas A&M University
|b Rellis Campus
|c Joint Library Facility
|d Remote Storage
|t 0
|e SH1 .A626
|h Library of Congress classification
|i unmediated -- volume
|k v.173
|l 1999:Mar.30
|m A14824014719
|
| 952 |
f |
f |
|p ric
|a Texas A&M University
|b Rellis Campus
|c Joint Library Facility
|d Remote Storage
|t 0
|e SH1 .A626
|h Library of Congress classification
|i unmediated -- volume
|k v.213
|l 2002
|m A14830189988
|
| 952 |
f |
f |
|p ric
|a Texas A&M University
|b Rellis Campus
|c Joint Library Facility
|d Remote Storage
|t 0
|e SH1 .A626
|h Library of Congress classification
|i unmediated -- volume
|k v.159
|l 1997/1998
|m A14822517680
|
| 952 |
f |
f |
|p ric
|a Texas A&M University
|b Rellis Campus
|c Joint Library Facility
|d Remote Storage
|t 0
|e SH1 .A626
|h Library of Congress classification
|i unmediated -- volume
|k v.11
|l 1977
|m A14816606934
|
| 952 |
f |
f |
|p ric
|a Texas A&M University
|b Rellis Campus
|c Joint Library Facility
|d Remote Storage
|t 0
|e SH1 .A626
|h Library of Congress classification
|i unmediated -- volume
|k v.42 -v.43
|l 1984-1984
|m A14813861925
|
| 952 |
f |
f |
|p ric
|a Texas A&M University
|b Rellis Campus
|c Joint Library Facility
|d Remote Storage
|t 0
|e SH1 .A626
|h Library of Congress classification
|i unmediated -- volume
|k v.151
|l 1997
|m A14821229446
|
| 952 |
f |
f |
|p ric
|a Texas A&M University
|b Rellis Campus
|c Joint Library Facility
|d Remote Storage
|t 0
|e SH1 .A626
|h Library of Congress classification
|i unmediated -- volume
|k v.110
|l 1993
|m A14817187975
|
| 952 |
f |
f |
|p ric
|a Texas A&M University
|b Rellis Campus
|c Joint Library Facility
|d Remote Storage
|t 0
|e SH1 .A626
|h Library of Congress classification
|i unmediated -- volume
|k v.46 -v.47
|l 1985-1985
|m A14813862078
|
| 952 |
f |
f |
|p ric
|a Texas A&M University
|b Rellis Campus
|c Joint Library Facility
|d Remote Storage
|t 0
|e SH1 .A626
|h Library of Congress classification
|i unmediated -- volume
|k v.120
|l 1994
|m A14817907595
|
| 952 |
f |
f |
|p ric
|a Texas A&M University
|b Rellis Campus
|c Joint Library Facility
|d Remote Storage
|t 0
|e SH1 .A626
|h Library of Congress classification
|i unmediated -- volume
|k v.153
|l 1997
|m A14822517575
|
| 952 |
f |
f |
|p ric
|a Texas A&M University
|b Rellis Campus
|c Joint Library Facility
|d Remote Storage
|t 0
|e SH1 .A626
|h Library of Congress classification
|i unmediated -- volume
|k v.74 -v.75
|l 1988-1988
|m A14811820949
|
| 952 |
f |
f |
|p ric
|a Texas A&M University
|b Rellis Campus
|c Joint Library Facility
|d Remote Storage
|t 0
|e SH1 .A626
|h Library of Congress classification
|i unmediated -- volume
|k v.188
|l 2000
|m A14826811727
|
| 952 |
f |
f |
|p ric
|a Texas A&M University
|b Rellis Campus
|c Joint Library Facility
|d Remote Storage
|t 0
|e SH1 .A626
|h Library of Congress classification
|i unmediated -- volume
|k v.125
|l 1994
|m A14819301046
|
| 952 |
f |
f |
|p ric
|a Texas A&M University
|b Rellis Campus
|c Joint Library Facility
|d Remote Storage
|t 0
|e SH1 .A626
|h Library of Congress classification
|i unmediated -- volume
|k v.156
|l 1997
|m A14822517622
|
| 952 |
f |
f |
|p ric
|a Texas A&M University
|b Rellis Campus
|c Joint Library Facility
|d Remote Storage
|t 0
|e SH1 .A626
|h Library of Congress classification
|i unmediated -- volume
|k v.119
|l 1994
|m A14817907888
|
| 952 |
f |
f |
|p ric
|a Texas A&M University
|b Rellis Campus
|c Joint Library Facility
|d Remote Storage
|t 0
|e SH1 .A626
|h Library of Congress classification
|i unmediated -- volume
|k v.158:INDEX:148/158
|l 1997
|m A14822517583
|
| 952 |
f |
f |
|p ric
|a Texas A&M University
|b Rellis Campus
|c Joint Library Facility
|d Remote Storage
|t 0
|e SH1 .A626
|h Library of Congress classification
|i unmediated -- volume
|k v.15
|l 1978
|m A14837717156
|
| 952 |
f |
f |
|p ric
|a Texas A&M University
|b Rellis Campus
|c Joint Library Facility
|d Remote Storage
|t 0
|e SH1 .A626
|h Library of Congress classification
|i unmediated -- volume
|k v.160
|l 1998
|m A14822517630
|
| 952 |
f |
f |
|p ric
|a Texas A&M University
|b Rellis Campus
|c Joint Library Facility
|d Remote Storage
|t 0
|e SH1 .A626
|h Library of Congress classification
|i unmediated -- volume
|k v.105
|l 1992
|m A14816112359
|
| 952 |
f |
f |
|p ric
|a Texas A&M University
|b Rellis Campus
|c Joint Library Facility
|d Remote Storage
|t 0
|e SH1 .A626
|h Library of Congress classification
|i unmediated -- volume
|k v.189
|l 2000
|m A14826811604
|
| 952 |
f |
f |
|p ric
|a Texas A&M University
|b Rellis Campus
|c Joint Library Facility
|d Remote Storage
|t 0
|e SH1 .A626
|h Library of Congress classification
|i unmediated -- volume
|k v.50 -v.51
|l 1985-1986
|m A14813869949
|
| 952 |
f |
f |
|p ric
|a Texas A&M University
|b Rellis Campus
|c Joint Library Facility
|d Remote Storage
|t 0
|e SH1 .A626
|h Library of Congress classification
|i unmediated -- volume
|k v.12
|l 1977
|m A14813879627
|
| 952 |
f |
f |
|p ric
|a Texas A&M University
|b Rellis Campus
|c Joint Library Facility
|d Remote Storage
|t 0
|e SH1 .A626
|h Library of Congress classification
|i unmediated -- volume
|k v.205
|l 2002
|m A14828596276
|
| 952 |
f |
f |
|p ric
|a Texas A&M University
|b Rellis Campus
|c Joint Library Facility
|d Remote Storage
|t 0
|e SH1 .A626
|h Library of Congress classification
|i unmediated -- volume
|k v.68 -v.69
|l 1988-1989
|m A14811610108
|
| 952 |
f |
f |
|p ric
|a Texas A&M University
|b Rellis Campus
|c Joint Library Facility
|d Remote Storage
|t 0
|e SH1 .A626
|h Library of Congress classification
|i unmediated -- volume
|k v.22 -v.23
|l 1981-1981
|m A14811214245
|
| 952 |
f |
f |
|p ric
|a Texas A&M University
|b Rellis Campus
|c Joint Library Facility
|d Remote Storage
|t 0
|e SH1 .A626
|h Library of Congress classification
|i unmediated -- volume
|k v.165
|l 1998
|m A14823753946
|
| 952 |
f |
f |
|p ric
|a Texas A&M University
|b Rellis Campus
|c Joint Library Facility
|d Remote Storage
|t 0
|e SH1 .A626
|h Library of Congress classification
|i unmediated -- volume
|k v.154
|l 1997
|m A14822517779
|
| 952 |
f |
f |
|p ric
|a Texas A&M University
|b Rellis Campus
|c Joint Library Facility
|d Remote Storage
|t 0
|e SH1 .A626
|h Library of Congress classification
|i unmediated -- volume
|k v.182
|l 2000
|m A14826391777
|
| 952 |
f |
f |
|p ric
|a Texas A&M University
|b Rellis Campus
|c Joint Library Facility
|d Remote Storage
|t 0
|e SH1 .A626
|h Library of Congress classification
|i unmediated -- volume
|k v.48 -v.49
|l 1985-1985
|m A14813042539
|
| 952 |
f |
f |
|p ric
|a Texas A&M University
|b Rellis Campus
|c Joint Library Facility
|d Remote Storage
|t 0
|e SH1 .A626
|h Library of Congress classification
|i unmediated -- volume
|k v.58 -v.59
|l 1986-1986
|m A14813041452
|
| 952 |
f |
f |
|p ric
|a Texas A&M University
|b Rellis Campus
|c Joint Library Facility
|d Remote Storage
|t 0
|e SH1 .A626
|h Library of Congress classification
|i unmediated -- volume
|k v.141
|l 1996
|m A14820390121
|
| 952 |
f |
f |
|p ric
|a Texas A&M University
|b Rellis Campus
|c Joint Library Facility
|d Remote Storage
|t 0
|e SH1 .A626
|h Library of Congress classification
|i unmediated -- volume
|k v.177
|l 1999
|m A14826391573
|
| 952 |
f |
f |
|p ric
|a Texas A&M University
|b Rellis Campus
|c Joint Library Facility
|d Remote Storage
|t 0
|e SH1 .A626
|h Library of Congress classification
|i unmediated -- volume
|k V.126
|l 1994
|m A14819303909
|
| 952 |
f |
f |
|p ric
|a Texas A&M University
|b Rellis Campus
|c Joint Library Facility
|d Remote Storage
|t 0
|e SH1 .A626
|h Library of Congress classification
|i unmediated -- volume
|k v.136
|l 1995:Nov.
|m A14819756500
|
| 952 |
f |
f |
|p ric
|a Texas A&M University
|b Rellis Campus
|c Joint Library Facility
|d Remote Storage
|t 0
|e SH1 .A626
|h Library of Congress classification
|i unmediated -- volume
|k v.155
|l 1997
|m A14822517826
|
| 952 |
f |
f |
|p ric
|a Texas A&M University
|b Rellis Campus
|c Joint Library Facility
|d Remote Storage
|t 0
|e SH1 .A626
|h Library of Congress classification
|i unmediated -- volume
|k v.186
|l 2000
|m A14826811769
|
| 952 |
f |
f |
|p ric
|a Texas A&M University
|b Rellis Campus
|c Joint Library Facility
|d Remote Storage
|t 0
|e SH1 .A626
|h Library of Congress classification
|i unmediated -- volume
|k v.40 -v.41
|l 1984-1984
|m A14816947796
|
| 952 |
f |
f |
|p ric
|a Texas A&M University
|b Rellis Campus
|c Joint Library Facility
|d Remote Storage
|t 0
|e SH1 .A626
|h Library of Congress classification
|i unmediated -- volume
|k v.26 -v.27
|l 1982-1982
|m A14813879677
|
| 952 |
f |
f |
|p ric
|a Texas A&M University
|b Rellis Campus
|c Joint Library Facility
|d Remote Storage
|t 0
|e SH1 .A626
|h Library of Congress classification
|i unmediated -- volume
|k v.208
|l 2002
|m A14830190133
|
| 952 |
f |
f |
|p ric
|a Texas A&M University
|b Rellis Campus
|c Joint Library Facility
|d Remote Storage
|t 0
|e SH1 .A626
|h Library of Congress classification
|i unmediated -- volume
|k v.1
|l 1972/1973
|m A14816210822
|
| 952 |
f |
f |
|p ric
|a Texas A&M University
|b Rellis Campus
|c Joint Library Facility
|d Remote Storage
|t 0
|e SH1 .A626
|h Library of Congress classification
|i unmediated -- volume
|k v.122
|l 1994
|m A14819301004
|
| 952 |
f |
f |
|p ric
|a Texas A&M University
|b Rellis Campus
|c Joint Library Facility
|d Remote Storage
|t 0
|e SH1 .A626
|h Library of Congress classification
|i unmediated -- volume
|k v.172
|l 1999
|m A14824014727
|
| 952 |
f |
f |
|p ric
|a Texas A&M University
|b Rellis Campus
|c Joint Library Facility
|d Remote Storage
|t 0
|e SH1 .A626
|h Library of Congress classification
|i unmediated -- volume
|k v.9
|l 1976
|m A14813869347
|
| 952 |
f |
f |
|p ric
|a Texas A&M University
|b Rellis Campus
|c Joint Library Facility
|d Remote Storage
|t 0
|e SH1 .A626
|h Library of Congress classification
|i unmediated -- volume
|k v.84 -v.85
|l 1990-1990
|m A14814656349
|
| 952 |
f |
f |
|p ric
|a Texas A&M University
|b Rellis Campus
|c Joint Library Facility
|d Remote Storage
|t 0
|e SH1 .A626
|h Library of Congress classification
|i unmediated -- volume
|k v.96 -v.97
|l 1991-1991
|m A14815313172
|
| 952 |
f |
f |
|p ric
|a Texas A&M University
|b Rellis Campus
|c Joint Library Facility
|d Remote Storage
|t 0
|e SH1 .A626
|h Library of Congress classification
|i unmediated -- volume
|k v.150
|l 1997
|m A14821229399
|
| 952 |
f |
f |
|p ric
|a Texas A&M University
|b Rellis Campus
|c Joint Library Facility
|d Remote Storage
|t 0
|e SH1 .A626
|h Library of Congress classification
|i unmediated -- volume
|k v.200
|l 2001
|m A14828172789
|
| 952 |
f |
f |
|p ric
|a Texas A&M University
|b Rellis Campus
|c Joint Library Facility
|d Remote Storage
|t 0
|e SH1 .A626
|h Library of Congress classification
|i unmediated -- volume
|k v.149
|l 1997
|m A14821229349
|
| 952 |
f |
f |
|p ric
|a Texas A&M University
|b Rellis Campus
|c Joint Library Facility
|d Remote Storage
|t 0
|e SH1 .A626
|h Library of Congress classification
|i unmediated -- volume
|k v.90 -v.91
|l 1990-1990
|m A14814676802
|
| 952 |
f |
f |
|p ric
|a Texas A&M University
|b Rellis Campus
|c Joint Library Facility
|d Remote Storage
|t 0
|e SH1 .A626
|h Library of Congress classification
|i unmediated -- volume
|k v.134
|l 1995:July
|m A14819756607
|
| 952 |
f |
f |
|p ric
|a Texas A&M University
|b Rellis Campus
|c Joint Library Facility
|d Remote Storage
|t 0
|e SH1 .A626
|h Library of Congress classification
|i unmediated -- volume
|k v.209
|l 2002
|m A14830190175
|
| 952 |
f |
f |
|p ric
|a Texas A&M University
|b Rellis Campus
|c Joint Library Facility
|d Remote Storage
|t 0
|e SH1 .A626
|h Library of Congress classification
|i unmediated -- volume
|k v.60 -v.61
|l 1987-1987
|m A14812127865
|
| 952 |
f |
f |
|p ric
|a Texas A&M University
|b Rellis Campus
|c Joint Library Facility
|d Remote Storage
|t 0
|e SH1 .A626
|h Library of Congress classification
|i unmediated -- volume
|k v.19
|l 1980
|m A14813879619
|
| 952 |
f |
f |
|p ric
|a Texas A&M University
|b Rellis Campus
|c Joint Library Facility
|d Remote Storage
|t 0
|e SH1 .A626
|h Library of Congress classification
|i unmediated -- volume
|k v.76
|l 1989
|m A14811930825
|
| 952 |
f |
f |
|p ric
|a Texas A&M University
|b Rellis Campus
|c Joint Library Facility
|d Remote Storage
|t 0
|e SH1 .A626
|h Library of Congress classification
|i unmediated -- volume
|k v.92 -v.93
|l 1991-1991
|m A14815066547
|
| 952 |
f |
f |
|p ric
|a Texas A&M University
|b Rellis Campus
|c Joint Library Facility
|d Remote Storage
|t 0
|e SH1 .A626
|h Library of Congress classification
|i unmediated -- volume
|k v.206
|l 2002
|m A14830190052
|
| 952 |
f |
f |
|p ric
|a Texas A&M University
|b Rellis Campus
|c Joint Library Facility
|d Remote Storage
|t 0
|e SH1 .A626
|h Library of Congress classification
|i unmediated -- volume
|k v.144
|l 1996:Sept.10
|m A14820588245
|
| 952 |
f |
f |
|p ric
|a Texas A&M University
|b Rellis Campus
|c Joint Library Facility
|d Remote Storage
|t 0
|e SH1 .A626
|h Library of Congress classification
|i unmediated -- volume
|k v.106
|l 1992
|m A14816392399
|
| 952 |
f |
f |
|p ric
|a Texas A&M University
|b Rellis Campus
|c Joint Library Facility
|d Remote Storage
|t 0
|e SH1 .A626
|h Library of Congress classification
|i unmediated -- volume
|k v.108
|l 1992
|m A14816995341
|
| 952 |
f |
f |
|p ric
|a Texas A&M University
|b Rellis Campus
|c Joint Library Facility
|d Remote Storage
|t 0
|e SH1 .A626
|h Library of Congress classification
|i unmediated -- volume
|k v.36 -v.37
|l 1984-1984
|m A14813038522
|
| 952 |
f |
f |
|p ric
|a Texas A&M University
|b Rellis Campus
|c Joint Library Facility
|d Remote Storage
|t 0
|e SH1 .A626
|h Library of Congress classification
|i unmediated -- volume
|k v.88 -v.89
|l 1990-1990
|m A14814676755
|
| 952 |
f |
f |
|p ric
|a Texas A&M University
|b Rellis Campus
|c Joint Library Facility
|d Remote Storage
|t 0
|e SH1 .A626
|h Library of Congress classification
|i unmediated -- volume
|k v.140
|l 1996
|m A14820113058
|
| 952 |
f |
f |
|p ric
|a Texas A&M University
|b Rellis Campus
|c Joint Library Facility
|d Remote Storage
|t 0
|e SH1 .A626
|h Library of Congress classification
|i unmediated -- volume
|k v.199
|l 2001
|m A14828172747
|
| 952 |
f |
f |
|p ric
|a Texas A&M University
|b Rellis Campus
|c Joint Library Facility
|d Remote Storage
|t 0
|e SH1 .A626
|h Library of Congress classification
|i unmediated -- volume
|k v.192
|l 2001
|m A14827913417
|
| 952 |
f |
f |
|p ric
|a Texas A&M University
|b Rellis Campus
|c Joint Library Facility
|d Remote Storage
|t 0
|e SH1 .A626
|h Library of Congress classification
|i unmediated -- volume
|k v.147
|l 1996
|m A14820731254
|
| 952 |
f |
f |
|p ric
|a Texas A&M University
|b Rellis Campus
|c Joint Library Facility
|d Remote Storage
|t 0
|e SH1 .A626
|h Library of Congress classification
|i unmediated -- volume
|k v.181
|l 2000
|m A14826391735
|
| 952 |
f |
f |
|p ric
|a Texas A&M University
|b Rellis Campus
|c Joint Library Facility
|d Remote Storage
|t 0
|e SH1 .A626
|h Library of Congress classification
|i unmediated -- volume
|k v.142
|l 1996
|m A14820390171
|
| 952 |
f |
f |
|p ric
|a Texas A&M University
|b Rellis Campus
|c Joint Library Facility
|d Remote Storage
|t 0
|e SH1 .A626
|h Library of Congress classification
|i unmediated -- volume
|k v.152
|l 1997
|m A14821229496
|
| 952 |
f |
f |
|p ric
|a Texas A&M University
|b Rellis Campus
|c Joint Library Facility
|d Remote Storage
|t 0
|e SH1 .A626
|h Library of Congress classification
|i unmediated -- volume
|k v.38 -v.39
|l 1984-1984
|m A14811132168
|
| 952 |
f |
f |
|p ric
|a Texas A&M University
|b Rellis Campus
|c Joint Library Facility
|d Remote Storage
|t 0
|e SH1 .A626
|h Library of Congress classification
|i unmediated -- volume
|k v.81
|l 1989
|m A14812023443
|
| 952 |
f |
f |
|p ric
|a Texas A&M University
|b Rellis Campus
|c Joint Library Facility
|d Remote Storage
|t 0
|e SH1 .A626
|h Library of Congress classification
|i unmediated -- volume
|k v.64 -v.65
|l 1987-1987
|m A14811351699
|
| 952 |
f |
f |
|p ric
|a Texas A&M University
|b Rellis Campus
|c Joint Library Facility
|d Remote Storage
|t 0
|e SH1 .A626
|h Library of Congress classification
|i unmediated -- volume
|k v.103
|l 1992
|m A14816082384
|
| 952 |
f |
f |
|p ric
|a Texas A&M University
|b Rellis Campus
|c Joint Library Facility
|d Remote Storage
|t 0
|e SH1 .A626
|h Library of Congress classification
|i unmediated -- volume
|k v.18
|l 1979
|m A14818712032
|
| 952 |
f |
f |
|p ric
|a Texas A&M University
|b Rellis Campus
|c Joint Library Facility
|d Remote Storage
|t 0
|e SH1 .A626
|h Library of Congress classification
|i unmediated -- volume
|k v.44 -v.45
|l 1985-1985
|m A14813872976
|
| 952 |
f |
f |
|p ric
|a Texas A&M University
|b Rellis Campus
|c Joint Library Facility
|d Remote Storage
|t 0
|e SH1 .A626
|h Library of Congress classification
|i unmediated -- volume
|k v.3
|l 1974
|m A14819846664
|
| 952 |
f |
f |
|p ric
|a Texas A&M University
|b Rellis Campus
|c Joint Library Facility
|d Remote Storage
|t 0
|e SH1 .A626
|h Library of Congress classification
|i unmediated -- volume
|k v.215
|l 2003
|m A14830189700
|
| 952 |
f |
f |
|p ric
|a Texas A&M University
|b Rellis Campus
|c Joint Library Facility
|d Remote Storage
|t 0
|e SH1 .A626
|h Library of Congress classification
|i unmediated -- volume
|k v.86 -v.87
|l 1990-1990
|m A14814676705
|
| 952 |
f |
f |
|p ric
|a Texas A&M University
|b Rellis Campus
|c Joint Library Facility
|d Remote Storage
|t 0
|e SH1 .A626
|h Library of Congress classification
|i unmediated -- volume
|k v.143
|l 1996
|m A14820390325
|
| 952 |
f |
f |
|p ric
|a Texas A&M University
|b Rellis Campus
|c Joint Library Facility
|d Remote Storage
|t 0
|e SH1 .A626
|h Library of Congress classification
|i unmediated -- volume
|k v.78 -v.79
|l 1989-1989
|m A14811945163
|
| 952 |
f |
f |
|p ric
|a Texas A&M University
|b Rellis Campus
|c Joint Library Facility
|d Remote Storage
|t 0
|e SH1 .A626
|h Library of Congress classification
|i unmediated -- volume
|k v.163
|l 1998
|m A14822517834
|
| 952 |
f |
f |
|p ric
|a Texas A&M University
|b Rellis Campus
|c Joint Library Facility
|d Remote Storage
|t 0
|e SH1 .A626
|h Library of Congress classification
|i unmediated -- volume
|k v.130
|l 1995
|m A14819397021
|
| 952 |
f |
f |
|p ric
|a Texas A&M University
|b Rellis Campus
|c Joint Library Facility
|d Remote Storage
|t 0
|e SH1 .A626
|h Library of Congress classification
|i unmediated -- volume
|k v.24 -v.25
|l 1981-1981
|m A14811209949
|
| 952 |
f |
f |
|p ric
|a Texas A&M University
|b Rellis Campus
|c Joint Library Facility
|d Remote Storage
|t 0
|e SH1 .A626
|h Library of Congress classification
|i unmediated -- volume
|k v.123
|l 1994
|m A14819301054
|
| 952 |
f |
f |
|p ric
|a Texas A&M University
|b Rellis Campus
|c Joint Library Facility
|d Remote Storage
|t 0
|e SH1 .A626
|h Library of Congress classification
|i unmediated -- volume
|k v.34 -v.35
|l 1983-1983
|m A14812221758
|
| 952 |
f |
f |
|p ric
|a Texas A&M University
|b Rellis Campus
|c Joint Library Facility
|d Remote Storage
|t 0
|e SH1 .A626
|h Library of Congress classification
|i unmediated -- volume
|k v.82 -v.83
|l 1989-1989
|m A14812073430
|
| 952 |
f |
f |
|p ric
|a Texas A&M University
|b Rellis Campus
|c Joint Library Facility
|d Remote Storage
|t 0
|e SH1 .A626
|h Library of Congress classification
|i unmediated -- volume
|k v.185
|l 2000
|m A14826811191
|
| 952 |
f |
f |
|p ric
|a Texas A&M University
|b Rellis Campus
|c Joint Library Facility
|d Remote Storage
|t 0
|e SH1 .A626
|h Library of Congress classification
|i unmediated -- volume
|k v.109
|l 1993
|m A14817171071
|
| 952 |
f |
f |
|p ric
|a Texas A&M University
|b Rellis Campus
|c Joint Library Facility
|d Remote Storage
|t 0
|e SH1 .A626
|h Library of Congress classification
|i unmediated -- volume
|k v.191
|l 2000
|m A14827913572
|
| 952 |
f |
f |
|p ric
|a Texas A&M University
|b Rellis Campus
|c Joint Library Facility
|d Remote Storage
|t 0
|e SH1 .A626
|h Library of Congress classification
|i unmediated -- volume
|k v.139
|l 1996
|m A14820113008
|
| 952 |
f |
f |
|p ric
|a Texas A&M University
|b Rellis Campus
|c Joint Library Facility
|d Remote Storage
|t 0
|e SH1 .A626
|h Library of Congress classification
|i unmediated -- volume
|k v.204
|l 2002
|m A14828595791
|
| 952 |
f |
f |
|p ric
|a Texas A&M University
|b Rellis Campus
|c Joint Library Facility
|d Remote Storage
|t 0
|e SH1 .A626
|h Library of Congress classification
|i unmediated -- volume
|k v.212
|l 2002
|m A14830190028
|
| 952 |
f |
f |
|p ric
|a Texas A&M University
|b Rellis Campus
|c Joint Library Facility
|d Remote Storage
|t 0
|e SH1 .A626
|h Library of Congress classification
|i unmediated -- volume
|k v.21
|l 1980
|m A14813845018
|
| 952 |
f |
f |
|p ric
|a Texas A&M University
|b Rellis Campus
|c Joint Library Facility
|d Remote Storage
|t 0
|e SH1 .A626
|h Library of Congress classification
|i unmediated -- volume
|k v.194
|l 2001
|m A14827917788
|
| 952 |
f |
f |
|p ric
|a Texas A&M University
|b Rellis Campus
|c Joint Library Facility
|d Remote Storage
|t 0
|e SH1 .A626
|h Library of Congress classification
|i unmediated -- volume
|k v.80
|l 1989
|m A14812023744
|
| 952 |
f |
f |
|p ric
|a Texas A&M University
|b Rellis Campus
|c Joint Library Facility
|d Remote Storage
|t 0
|e SH1 .A626
|h Library of Congress classification
|i unmediated -- volume
|k v.164
|l 1998
|m A14822517884
|
| 952 |
f |
f |
|p ric
|a Texas A&M University
|b Rellis Campus
|c Joint Library Facility
|d Remote Storage
|t 0
|e SH1 .A626
|h Library of Congress classification
|i unmediated -- volume
|k v.202
|l 2001
|m A14828577777
|
| 952 |
f |
f |
|p ric
|a Texas A&M University
|b Rellis Campus
|c Joint Library Facility
|d Remote Storage
|t 0
|e SH1 .A626
|h Library of Congress classification
|i unmediated -- volume
|k v.187
|l 2000
|m A14826811688
|
| 952 |
f |
f |
|p ric
|a Texas A&M University
|b Rellis Campus
|c Joint Library Facility
|d Remote Storage
|t 0
|e SH1 .A626
|h Library of Congress classification
|i unmediated -- volume
|k v.104
|l 1992
|m A14816087350
|
| 952 |
f |
f |
|p ric
|a Texas A&M University
|b Rellis Campus
|c Joint Library Facility
|d Remote Storage
|t 0
|e SH1 .A626
|h Library of Congress classification
|i unmediated -- volume
|k v.211
|l 2002
|m A14830190060
|
| 998 |
f |
f |
|a SH1 .A626
|s v.67-216 (1987-2003)
|t 0
|l Remote Storage
|